| 000 | 00504nam a2200109Ia 4500 | ||
|---|---|---|---|
| 008 | 230907s9999||||xx |||||||||||||| ||und|| | ||
| 082 |
_a621.3 _bIEC |
||
| 100 |
_aIEC Standards _9117978 |
||
| 245 | 0 | _aIEC 60893-3-2 ED. 2.0 B:2003: INSULATING MATERIALS - INDUSTRIAL RIGID LAMINATED SHEETS BASED ON THERMOSETTING RESINS FOR ELECTRICAL PURPOSES - PART 3-2: SPECIFICATIONS FOR INDIVIDUAL MATERIALS - REQUIREMENTS FOR RIGID LAMINATED SHEETS BASED ON EPOXY RESINS | |
| 260 |
_bIEC _c2019-09-13 |
||
| 942 |
_2ddc _cEB |
||
| 999 |
_c599845 _d599845 |
||